World Cup of Darts Winners - Statistics

General Stats
  • This quiz has been taken 11 times
  • The average score is 26 of 30
Answer Stats
Year Country Winner % Correct
2023 Wales Gerwyn Price
100%
2020 Wales Gerwyn Price
100%
2018 Netherlands Michael van Gerwen
100%
2017 Netherlands Michael van Gerwen
100%
2014 Netherlands Michael van Gerwen
100%
2016 England Phil Taylor
100%
2015 England Phil Taylor
100%
2013 England Phil Taylor
100%
2012 England Phil Taylor
100%
2018 Netherlands Raymond van Barneveld
100%
2017 Netherlands Raymond van Barneveld
100%
2014 Netherlands Raymond van Barneveld
100%
2010 Netherlands Raymond van Barneveld
100%
2019 Scotland Gary Anderson
91%
2023 Wales Jonny Clayton
91%
2020 Wales Jonny Clayton
91%
2024 England Luke Humphries
91%
2024 England Michael Smith
91%
2021 Scotland Peter Wright
91%
2019 Scotland Peter Wright
91%
2025 Northern Ireland Daryl Gurney
82%
2025 Northern Ireland Josh Rock
82%
2022 Australia Simon Whitlock
82%
2016 England Adrian Lewis
64%
2015 England Adrian Lewis
64%
2013 England Adrian Lewis
64%
2012 England Adrian Lewis
64%
2022 Australia Damon Heta
64%
2021 Scotland John Henderson
64%
2010 Netherlands Co Stompé
27%
No matching quizzes found
Score Distribution
Percent of People with Each Score
Percentile by Number Answered
Your Score History
You have not taken this quiz